Office Automation Context, Experience and Future

Salvato in:
Dettagli Bibliografici
Autore principale: Doswell, Andrew
Natura: Libro
Lingua:inglese
Pubblicazione: Chichester Wiley and Sons 1990
Edizione:1. ed.
Tags: Aggiungi Tag
Nessun Tag, puoi essere il primo ad aggiungerne!!

MARC

LEADER 00000nam a2200000 4500
001 c035249
005 20221215114230.4
041 0 |a eng 
044 |a US 
245 1 0 |a Office Automation  |b Context, Experience and Future  |c Andrew Doswell 
250 |a 1. ed. 
264 1 |a Chichester  |b Wiley and Sons  |c 1990 
300 |a 306 s. 
100 1 |a Doswell, Andrew